Theory of Machines (Record no. 4924)

MARC details
000 -LEADER
fixed length control field 00410nam a22001697a 4500
005 - DATE AND TIME OF LATEST TRANSACTION
control field 20160630122951.0
008 - FIXED-LENGTH DATA ELEMENTS--GENERAL INFORMATION
fixed length control field 160630b xxu||||| |||| 00| 0 eng d
020 ## - INTERNATIONAL STANDARD BOOK NUMBER
ISBN 81-219-2524-X
041 ## - LANGUAGE CODE
Language code of text/sound track or separate title eng
082 ## - DEWEY DECIMAL CLASSIFICATION NUMBER
Item number 19740
100 ## - MAIN ENTRY--AUTHOR NAME
Personal name Khurmi R S
245 ## - TITLE STATEMENT
Title Theory of Machines
260 ## - PUBLICATION, DISTRIBUTION, ETC. (IMPRINT)
Place of publication New Delhi
Name of publisher Sultan Chand & Sons,
Year of publication 2014
300 ## - PHYSICAL DESCRIPTION
Number of Pages 1062
650 ## - SUBJECT ADDED ENTRY--TOPICAL TERM
Topical Term Diploma Engineering
942 ## - ADDED ENTRY ELEMENTS (KOHA)
Koha item type Books
Holdings
Lost status Damaged status Collection code Home library Current library Shelving location Date acquired Cost, normal purchase price Full call number Accession Number Koha item type
    MINING JRU Library JRU Library SHELF-58-F 30/06/2016 750.00 19740 19740 Books
      JRU Library   SHELF-43-K 30/06/2016 750.00 19740 19741 Books
      JRU Library   SHELF-43-K 30/06/2016 750.00 19740 19742 Books
      JRU Library   SHELF-43-K 30/06/2016 750.00 19740 19743 Books
      JRU Library     30/06/2016 750.00 19740 19744 Books
      JRU Library     30/06/2016 750.00 19740 19745 Books
      JRU Library   SHELF-43-K 30/06/2016 750.00 19740 19746 Books
    MINING JRU Library JRU Library SHELF-58-F 30/06/2016 750.00 19740 19747 Books
      JRU Library   SHELF-43-K 30/06/2016 750.00 19740 19748 Books